Descobreix l'enoturisme : Barcelona és molt més / Barcelona és molt més /
Descripción Física:
22 pàgines no numerades : il·lustracions ; 24 cm
Otros Autores:
Cano, Josep
Materias:
Enoturisme -- Barcelona (Província) -- Guies
; Barcelona (Catalunya : Província) -- Descripcions i viatges
Idioma:
Catalán
MARC
| LEADER | 00000nam a2200000 a 4500 | ||
|---|---|---|---|
| 001 | 26222 | ||
| 008 | 220711b spa||||| |||| 00| 0 cat d | ||
| 017 | |a DL B 18949-2014 | ||
| 080 | |a FU-72-12 | ||
| 245 | |a Descobreix l'enoturisme : |b Barcelona és molt més / |c fotografies: Josep Cano [i 3 més] | ||
| 260 | |a Barcelona : |b Diputació de Barcelona, |c 2014 | ||
| 300 | |a 22 pàgines no numerades : |b il·lustracions ; |c 24 cm | ||
| 500 | |a Document publicat en rus, títol traduït al català pel catalogador | ||
| 500 | |a A la portada: Barcelona és molt més | ||
| 650 | 0 | |9 52923 |a Enoturisme |z Barcelona (Província) |v Guies | |
| 651 | 0 | |a Barcelona (Catalunya : Província) |x Descripcions i viatges |9 52924 | |
| 700 | |9 39063 |a Cano, Josep |e fotografies | ||
| 710 | 2 | |9 51323 |a Barcelona és Molt Més |e marca turística | |
| 710 | 1 | |a Barcelona (Catalunya : Província). |b Diputació |9 52408 | |
| 942 | |2 udc |c ARXIU |n 1 | ||
| 952 | |0 0 |1 0 |4 0 |6 FU7212 |7 1 |9 62737 |a Arxiu |b Arxiu |d 2022-07-11 |l 0 |o FU-72-12 |p 26222 |r 2022-07-11 00:00:00 |w 2022-07-11 |y ARXIU | ||
| 999 | |c 82256 |d 82256 | ||